Literatura Universal / (Record no. 140136)
[ view plain ]
| 000 -LEADER | |
|---|---|
| campo de control de longitud fija | 01276nam a2200289 4500 |
| 001 - NÚMERO DE CONTROL | |
| campo de control | 140136 |
| 003 - IDENTIFICADOR DE NÚMERO DE CONTROL | |
| campo de control | ES-MaACL |
| 005 - FECHA Y HORA DE LA ÚLTIMA TRANSACCIÓN | |
| campo de control | 20230906200020.0 |
| 007 - CAMPO FIJO DE DESCRIPCIÓN FÍSICA--INFORMACIÓN GENERAL | |
| campo de control de longitud fija | t| |
| 008 - DATOS DE LONGITUD FIJA--INFORMACIÓN GENERAL | |
| campo de control de longitud fija | 070214s19821985sp r ||||1| spa d |
| 245 00 - MENCIÓN DEL TÍTULO | |
| Título | Literatura Universal / |
| Mención de responsabilidad, etc. | dirigida por Klaus von See. |
| 260 ## - PUBLICACIÓN, DISTRIBUCIÓN, ETC. | |
| Lugar de publicación, distribución, etc. | Madrid : |
| Nombre del editor, distribuidor, etc. | Gredos, |
| Fecha de publicación, distribución, etc. | 1982-85. |
| 300 ## - DESCRIPCIÓN FÍSICA | |
| Extensión | 3 v. : |
| Otras características físicas | il. ; |
| Dimensiones | 25 cm. |
| 500 ## - NOTA GENERAL | |
| Nota general | Contiene: v. 3 . Literatura romana / por Manfred Fuhrmann... [et al.] ; versión española de Rafael de la Vega ------ v. 9-10 . Renacimiento y Barroco / por August Buck ; en colaboración con Hort Beader... [et al.] ; versión... de Rafael de la Vega ------ v. 13 . Ilustración europea III / por Jurgen V. Stackelberg ; en colaboración con Renate Baader... [et al.] ; versión... de Manuel Albella Martín. |
| 700 1# - ENTRADA AGREGADA--NOMBRE PERSONAL | |
| Nombre de persona | See, Klaus von. |
| 9 (RLIN) | 105080 |
| 700 1# - ENTRADA AGREGADA--NOMBRE PERSONAL | |
| Nombre de persona | Fuhrmann, Manfred. |
| 9 (RLIN) | 52985 |
| 700 1# - ENTRADA AGREGADA--NOMBRE PERSONAL | |
| Nombre de persona | Vega, Rafael de la. |
| 9 (RLIN) | 113581 |
| 700 1# - ENTRADA AGREGADA--NOMBRE PERSONAL | |
| Nombre de persona | Buck, August. |
| 9 (RLIN) | 32314 |
| 700 1# - ENTRADA AGREGADA--NOMBRE PERSONAL | |
| Nombre de persona | Beader, Horst. |
| 9 (RLIN) | 26772 |
| 700 1# - ENTRADA AGREGADA--NOMBRE PERSONAL | |
| Nombre de persona | Stacklerberg, Jürgen V. |
| 9 (RLIN) | 107838 |
| 700 1# - ENTRADA AGREGADA--NOMBRE PERSONAL | |
| Nombre de persona | Baader, Renate. |
| 9 (RLIN) | 24395 |
| 700 1# - ENTRADA AGREGADA--NOMBRE PERSONAL | |
| Nombre de persona | Albella Martín, Manuel. |
| 9 (RLIN) | 19257 |
| 740 0# - ENTRADA AGREGADA--TÍTULO RELACIONADO/ANALÍTICO NO CONTROLADO | |
| Título relacionado o analítico no controlado | Literatura romana. |
| 740 0# - ENTRADA AGREGADA--TÍTULO RELACIONADO/ANALÍTICO NO CONTROLADO | |
| Título relacionado o analítico no controlado | Renacimiento y Barroco. |
| 740 0# - ENTRADA AGREGADA--TÍTULO RELACIONADO/ANALÍTICO NO CONTROLADO | |
| Título relacionado o analítico no controlado | Ilustración europea. |
| Número de parte o sección de la obra | III. |
| 852 ## - LOCALIZACIÓN | |
| Ubicación | ES-MaACL |
| Número de control de estantería | P-1544 |
| Sublocalización o colección | R.106922 |
| Estatus retirado | Estado de pérdida | Estado de daño | No para préstamo | Biblioteca de origen | Biblioteca actual | Ubicación en estantería | Fecha de adquisición | Fuente de adquisición | Total de préstamos | Signatura topográfica completa | Código de barras | Visto por última vez | Precio de reemplazo | Tipo de ítem Koha |
|---|---|---|---|---|---|---|---|---|---|---|---|---|---|---|
| Biblioteca del Ateneo de Madrid | Biblioteca del Ateneo de Madrid | Depósito 2 | 17/01/2008 | P-1544 | 1145832 | 23/02/2023 | 23/02/2023 | Libro impreso |
